000 00724nam a2200241 a 4500
001 000010311
003 DO-SdBNP
005 20240412074217.0
007 ta
008 091006s2005 dr a r 000 0 spa d
020 _a9993497193
040 _aDO-SdBNP
_bspa
_cBNPHU
082 4 _aRD861.44
_bG216am
_222
100 1 _aGarcía de Méndez, Miledys,
_d1948-
_925329
245 1 3 _aEl amor y la flor :
_bpoesias /
_cMiledys García de Méndez.
260 _aSanto Domingo :
_bCuesta-Veliz,
_c2005.
300 _a67 p. :
_bil. ;
_c21 cm.
590 _aInventariado, 2018/BT
650 4 _aPoesía dominicana
_966
650 0 _aLiteratura dominicana.
_967
910 _aValidado. Control de calidad. MMOLINA
942 _2ddc
_cLBS1
999 _c10070
_d10070